00536nam a2200157 a 450000100100000000500170001000800410002704000250006824500520009326000430014530000280018849000090021650001230022570000210034883000090036900004410220201002045140.0140516s1968 fr a 000 0 spa d aDO-SdBNPbspacBNPHU00aDesde España /cAntonio Machado ... [et al.]. aParís :bLibrería de Globe,c1968. a116 p. :bil. ;c22 cm.1 aEbro aEn el cincuenta aniversario de la revolución de octubre" homenaje de poetas españoles a la revolución de octubre12aMachado, Antonio 0aEbro